| 000 | 00417nam a2200157 i 4500 | ||
|---|---|---|---|
| 001 | 141167 | ||
| 003 | ES-MaACL | ||
| 005 | 20230906200234.0 | ||
| 007 | t| | ||
| 008 | 070919s2006 sp ||||1| spa d | ||
| 245 | 0 | 0 | _aXempelar-saria, 1972. |
| 260 |
_a[Pamplona : _bG. Navasal, _c1972] |
||
| 300 |
_a166 p. ; _c19 cm. |
||
| 650 | 1 | 4 |
_aPoesías populares- _zPaís Vasco. _916244 |
| 852 |
_aES-MaACL _jC-49133 _bR.83604 |
||
| 999 |
_c141167 _d141167 |
||